000 00759nam a2200229Ia 4500
008 191130s2003##################000#0#eng##
020 _a9780198775270
022 _a2002038190
040 _aACL
_cACL
082 _a302.35 THO
100 _aThompson, Grahame
245 _aBetween hierarchies and markets : the logic and limits of network forms of organization
_cGrahame F. Thompson
260 _aOxford
_bOxford University Press
_c2003
300 _ax, 272 p. : ill. ; 22 cm.
500 _aIncludes bibliographical references (p. [237]-261) and Index
650 _aBusiness networks
650 _aOrganizational behavior
650 _aSocial networks
990 _ae0f9d748ac10000c400b6c8b19fad09b
991 _a10751
999 _c114619
_d114619